A New life : (Record no. 118942)

MARC details
000 -LEADER
fixed length control field 00790nam a2200253Ia 4500
008 - FIXED-LENGTH DATA ELEMENTS--GENERAL INFORMATION
fixed length control field
020 ## - INTERNATIONAL STANDARD BOOK NUMBER
International Standard Book Number 0863078133 (hbk.)
049 ## - LOCAL HOLDINGS (OCLC)
Holding library MAIN
090 00 - LOCALLY ASSIGNED LC-TYPE CALL NUMBER (OCLC); LOCAL CALL NUMBER (RLIN)
Classification number (OCLC) (R) ; Classification number, CALL (RLIN) (NR) RG525
Local cutter number (OCLC) ; Book number/undivided call number, CALL (RLIN) NEW
003 - CONTROL NUMBER IDENTIFIER
control field
005 - DATE AND TIME OF LATEST TRANSACTION
control field 20230120204211.0
040 ## - CATALOGING SOURCE
Transcribing agency NUST
245 12 - TITLE STATEMENT
Title A New life :
Remainder of title pregnancy, birth, and your child's first year : a comprehensive guide /
Statement of responsibility, etc. edited by John T. Queenan and Carrie Neher Queenan.
260 ## - PUBLICATION, DISTRIBUTION, ETC.
Place of publication, distribution, etc. London :
Name of publisher, distributor, etc. Marshall Cavendish,
Date of publication, distribution, etc. 1987.
300 ## - PHYSICAL DESCRIPTION
Extent 240 p. :
Other physical details ill. (some col.) ;
Dimensions 30 cm.
500 ## - GENERAL NOTE
General note Includes index.
650 #0 - SUBJECT ADDED ENTRY--TOPICAL TERM
Topical term or geographic name entry element Pregnancy.
650 #0 - SUBJECT ADDED ENTRY--TOPICAL TERM
Topical term or geographic name entry element Childbirth.
650 #0 - SUBJECT ADDED ENTRY--TOPICAL TERM
Topical term or geographic name entry element Infants
General subdivision Care.
700 10 - ADDED ENTRY--PERSONAL NAME
Personal name Queenan, John T.
700 10 - ADDED ENTRY--PERSONAL NAME
Personal name Queenan, Carrie Neher.
907 ## - LOCAL DATA ELEMENT G, LDG (RLIN)
a .b10370778
b 29-02-16
c 29-02-16
942 ## - ADDED ENTRY ELEMENTS (KOHA)
Koha item type Ordinary Loan Books
Call number prefix RG525
Call number suffix NEW
Holdings
Date last seen Total Checkouts Full call number Barcode Cost, replacement price Price effective from Koha item type Lost status Source of classification or shelving scheme Damaged status Not for loan Collection Withdrawn status Home library Current library Shelving location Date acquired Cost, normal purchase price
01/20/2023   RG525 QUE 92004039049 80.00 01/20/2023 BOOKS   lcc     NFIC   Medical Medical GEN 01/20/2023 80.00